00426nam a2200157Ia 4500003000400000005001700004008004100021040000900062082001900071100002400090245003900114260004700153300000900200942004400209999001500253OSt20201014130714.0190216s9999||||xx |||||||||||||| ||und|| coclc a658.404bDES/P aDesai, Vasant 9846 0aProject Management /cVasant Desai bHimalaya Publishing House,c2001.aMumbai: a591p cBK2ddch658.404iDES/Pk658.404mDES/P c5885d5885